000
00245nam a2200109Ia 4500
008
220204s9999 xx 000 0 und d
082
_a
82-3
_b
EGL
100
_a
Egleton, Clive
245
0
_a
Skirmish
260
_a
Kent
_b
Coronet
_c
1975
942
_c
BK
999
_c
35183
_d
35183